000 01013nam a2200265Ia 4500
003 OSt
005 20221005111638.0
006 a|||||r|||| 00| 0
007 ta
008 221004b |||||||| |||| 00| 0 hin d
020 _cIndian Rupees 150
024 _a41093
037 _bGift, 09/01/2019,
_cTextual
040 _aCRL
_cCRL
_bhin
041 _2hin
_ahin
082 _aAk, 152P3
100 _aहरीश कुमार, ले.
245 0 _aभारत में वैज्ञानिक तथा तकनीकी शब्दावली का विकास
246 _aBhārat mean vaijnyānik tathā takanīkī shabdāvalī kā vikāsa
260 _aपटना
_bबिहार हिन्दी ग्रन्थ अकादमी भारत
_c2003
300 _a349पृ0
_ccm.
650 _aप्राकृत भाषा
942 _hAk, 152P3
_cTEXL
_2cc
999 _c1022441
_d1022441